[Event "Penang op 11th"]
[Site "Penang"]
[Date "2019.12.11"]
[Round "4"]
[White "Chan, Sheng Yip"]
[Black "Li, Guohao"]
[Result "1-0"]
[WhiteElo "1931"]
[BlackElo "2131"]
[PlyCount "73"]
[EventDate "2019.12.09"]
[EventType "swiss"]
[EventRounds "9"]
[EventCountry "MAS"]
[SourceTitle "CBM 193 Extra"]
[Source "ChessBase"]
[SourceDate "2020.01.31"]
[SourceVersion "1"]
[SourceVersionDate "2020.01.31"]
[SourceQuality "1"]

1. e4 c6 2. d4 d5 3. e5 Bf5 4. Nf3 e6 5. Be2 Nd7 6. 0-0 h6 7. Nbd2 Ne7 8. Nb3 g5 9. a4 a5 10. Ne1 Bg6 11. f4 Nf5 12. Bd3 gxf4 13. Bxf4 Qb6 14. Kh1 c5 15. g4 Nxd4 16. Nxd4 cxd4 17. Bxg6 fxg6 18. Nd3 0-0-0 19. Bg3 Be7 20. Rf7 Bg5 21. Ra3 Rhf8 22. Rg7 Be3 23. Rb3 Qc6 24. Rxg6 Rf7 25. Rb5 Rdf8 26. Kg2 b6 27. b4 Rf1 28. Qe2 axb4 29. Nxb4 Rg1+ 30. Kh3 Qc3 31. Rxe6 Qa1 32. Nxd5 Rxg3+ 33. hxg3 Kd8 34. Nf6 Nc5 35. Rxc5 bxc5 36. Qg2 Qxa4 37. Qd5+ 1-0

[Event "Belt and Road Hunan op-C"]
[Site "Changsha"]
[Date "2019.07.31"]
[Round "4"]
[White "Chan, Sheng Yip"]
[Black "Lin, Jiayu"]
[Result "1-0"]
[WhiteElo "1950"]
[BlackElo "1649"]
[PlyCount "71"]
[EventDate "2019.07.29"]
[EventType "swiss"]
[EventRounds "9"]
[EventCountry "CHN"]
[SourceTitle "EXT 2020"]
[Source "ChessBase"]
[SourceDate "2019.10.17"]
[SourceVersion "1"]
[SourceVersionDate "2019.10.17"]
[SourceQuality "1"]

1. e4 e6 2. d4 d5 3. Nd2 Nf6 4. e5 Nfd7 5. c3 c5 6. Bd3 Nc6 7. Ne2 cxd4 8. cxd4 f6 9. Nf4 Nxd4 10. Qh5+ Ke7 11. exf6+ Nxf6 12. Ng6+ hxg6 13. Qxh8 Kf7 14. 0-0 e5 15. Nb3 Nxb3 16. axb3 Bf5 17. Bxf5 gxf5 18. Bg5 Be7 19. Qh3 g6 20. Bxf6 Bxf6 21. f4 e4 22. g4 Qh8 23. Qg2 Bxb2 24. Ra5 Qd4+ 25. Kh1 Ke6 26. Rg1 Rh8 27. gxf5+ gxf5 28. Qg6+ Qf6 29. Rxa7 Bd4 30. Rxb7 Bxg1 31. Qxg1 Rd8 32. Rb6+ Rd6 33. Rxd6+ Kxd6 34. Qb6+ Ke7 35. Qxf6+ Kxf6 36. b4 1-0

[Event "Belt and Road Hunan op-C"]
[Site "Changsha"]
[Date "2019.07.31"]
[Round "5"]
[White "Dulguun, Altankhuyag"]
[Black "Chan, Sheng Yip"]
[Result "1/2-1/2"]
[WhiteElo "1841"]
[BlackElo "1950"]
[PlyCount "107"]
[EventDate "2019.07.29"]
[EventType "swiss"]
[EventRounds "9"]
[EventCountry "CHN"]
[SourceTitle "EXT 2020"]
[Source "ChessBase"]
[SourceDate "2019.10.17"]
[SourceVersion "1"]
[SourceVersionDate "2019.10.17"]
[SourceQuality "1"]

1. d4 c5 2. d5 d6 3. c4 g6 4. Nc3 Bg7 5. e4 Nf6 6. f4 0-0 7. Nf3 e6 8. Bd3 exd5 9. cxd5 Re8 10. 0-0 c4 11. Bc2 Na6 12. h3 b5 13. e5 dxe5 14. fxe5 Qb6+ 15. Kh1 Nh5 16. Re1 Bf5 17. Be3 Bxc2 18. Qxc2 Nb4 19. Qd2 Qb7 20. g4 Nd3 21. gxh5 b4 22. Ne4 Qxd5 23. Bf4 f5 24. Neg5 h6 25. Rf1 hxg5 26. Bxg5 Rxe5 27. Qg2 Re6 28. Rad1 Rae8 29. Rd2 c3 30. bxc3 bxc3 31. Rc2 Nb4 32. Rcf2 Qc4 33. hxg6 Re2 34. Nh4 Rxf2 35. Qxf2 Qxa2 36. Nxf5 Qxf2 37. Rxf2 Re1+ 38. Kg2 c2 39. h4 Re6 40. h5 Nd3 41. Rf1 Bf6 42. Nh6+ Kg7 43. Nf5+ Kh8 44. Bh6 Re1 45. Rf3 c1Q 46. Bxc1 Nxc1 47. Rg3 Re8 48. Nd6 Re2+ 49. Kh3 Kg8 50. h6 Re5 51. Nf7 Rh5+ 52. Kg4 Rh1 53. Re3 Kf8 54. Nd6 1/2-1/2

[Event "Asian Cities-chT"]
[Site "Dhaka"]
[Date "2019.07.13"]
[Round "5.1"]
[White "Jaiswal, Rupesh"]
[Black "Chan, Sheng Yip"]
[Result "1-0"]
[WhiteElo "2159"]
[BlackElo "1950"]
[PlyCount "121"]
[EventDate "2019.07.10"]
[EventType "team-swiss"]
[EventRounds "9"]
[EventCountry "BAN"]
[SourceTitle "EXT 2020"]
[Source "ChessBase"]
[SourceDate "2019.10.17"]
[SourceVersion "1"]
[SourceVersionDate "2019.10.17"]
[SourceQuality "1"]
[WhiteTeam "Kathmandu"]
[BlackTeam "Shah Alam"]
[WhiteTeamCountry "NEP"]
[BlackTeamCountry "MAS"]

1. d4 c5 2. e3 d5 3. Nf3 Nf6 4. c3 e6 5. Bd3 b6 6. 0-0 Bb7 7. Nbd2 Nbd7 8. Re1 Ne4 9. c4 Bd6 10. b3 0-0 11. Bb2 f5 12. Rc1 Qe7 13. Ne5 Nxe5 14. dxe5 Bc7 15. f3 Nxd2 16. Qxd2 dxc4 17. Bxc4 Rad8 18. Qf2 Bd5 19. Bxd5 Rxd5 20. e4 fxe4 21. Rxe4 Qg5 22. f4 Qg6 23. Rce1 Rfd8 24. Bc3 Rd1 25. Rxd1 Rxd1+ 26. Re1 Rd5 27. Qe2 Qd3 28. Qxd3 Rxd3 29. Rc1 h5 30. Kf2 Kf7 31. Ke2 Rd5 32. Ke3 g5 33. g3 Kg6 34. Ke4 Rd7 35. Rf1 Bd8 36. f5+ exf5+ 37. Rxf5 Be7 38. Rf2 g4 39. Rd2 Rc7 40. Kd5 Bg5 41. Re2 Rd7+ 42. Ke4 Re7 43. Bd2 Rd7 44. Bc3 Re7 45. Rf2 Re8 46. Rf1 Rd8 47. Rf2 Re8 48. Re2 Re7 49. a4 Rd7 50. Re1 Rd8 51. Rf1 Re8 52. Rd1 Rd8 53. Rd6+ Kf7 54. Kf5 Rxd6 55. exd6 Bd8 56. Bd2 a6 57. Be3 a5 58. Ke5 Bf6+ 59. Kd5 Ke8 60. Ke6 Bd8 61. Bh6 1-0

[Event "UTP Team-chT"]
[Site "Seri Iskandar"]
[Date "2017.09.24"]
[Round "7.3"]
[White "Chan, Sheng Yip"]
[Black "Muhd, Aziz Farhan Noor Ak"]
[Result "1-0"]
[WhiteElo "1927"]
[BlackElo "1919"]
[PlyCount "45"]
[EventDate "2017.09.23"]
[EventType "team-swiss"]
[EventRounds "7"]
[EventCountry "MAS"]
[SourceTitle "EXT 2019"]
[Source "ChessBase"]
[SourceDate "2018.10.10"]
[SourceVersion "1"]
[SourceVersionDate "2018.10.10"]
[SourceQuality "1"]

1. e4 g6 2. d4 Bg7 3. Nf3 c5 4. dxc5 Qa5+ 5. c3 Qxc5 6. Na3 Bxc3+ 7. bxc3 Qxc3+ 8. Qd2 Qxa1 9. Nb5 Nf6 10. Nc7+ Kd8 11. Nxa8 Nxe4 12. Qc2 Nc6 13. Bd3 Qc3+ 14. Qxc3 Nxc3 15. Bb2 b6 16. Bxc3 Rf8 17. Nd4 Bb7 18. Nxb6 axb6 19. 0-0 d6 20. Nxc6+ Bxc6 21. Bd4 Kc7 22. Rc1 Rc8 23. Ba6 1-0

[Event "Kuala Lumpur Arena op"]
[Site "Kuala Lumpur"]
[Date "2015.11.14"]
[Round "5"]
[White "Chan, Sheng Yip"]
[Black "Azman Hisham, Nur Nabila"]
[Result "1/2-1/2"]
[WhiteElo "1951"]
[BlackElo "1967"]
[PlyCount "57"]
[EventDate "2015.11.13"]
[EventType "swiss"]
[EventRounds "7"]
[EventCountry "MAS"]
[SourceTitle "EXT 2017"]
[Source "ChessBase"]
[SourceDate "2016.10.25"]
[SourceVersion "1"]
[SourceVersionDate "2016.10.25"]
[SourceQuality "1"]

1. e4 c5 2. c3 d5 3. exd5 Qxd5 4. d4 cxd4 5. cxd4 e6 6. Nc3 Qd8 7. Nf3 Nf6 8. Bd3 Be7 9. 0-0 0-0 10. Be3 Nc6 11. a3 b6 12. Qe2 Bb7 13. Rad1 Rc8 14. Rfe1 Na5 15. Bg5 g6 16. Ne5 Kg7 17. Qe3 Ng4 18. Nxg4 Bxg5 19. f4 Bh4 20. g3 Bf6 21. Nxf6 Qxf6 22. Be4 Rfd8 23. Bxb7 Nxb7 24. b4 Nd6 25. Ne2 Nc4 26. Qb3 b5 27. Nc3 a6 28. Ne4 Qf5 29. Nc5 1/2-1/2